Click Quiz: Country Etymologies A-Z - Statistics

General Stats
  • This quiz has been taken 52 times
  • The average score is 11 of 24
Answer Stats
Hint Extra Hint Answer % Correct
Light stone German Liechtenstein
90%
Black mountain Venetian Montenegro
87%
Lion city Sanskrit Singapore
85%
Ancient beard Spanish Antigua and Barbuda
77%
The fertile place Proto-Celtic Ireland
77%
Land of the Rōs Byzantine Greek Russia
77%
Sunday island Latin Dominica
64%
I go to the beach Nauruan Nauru
62%
South of the peninsula Old South Arabian Yemen
59%
Home of the free Turkic & Persian Uzbekistan
51%
Land of the Red Sea Greek Eritrea
49%
Settled people Arabic Oman
41%
Shrimp Portuguese Cameroon
36%
Look-out Tongan Fiji
36%
Forest Nahuatl Guatemala
36%
House of stones Shona Zimbabwe
36%
Fortress built near water Arabic Kuwait
33%
Our land Bislama Vanuatu
28%
Large upper middle island Lucayan Bahamas
26%
Sand mounds Arabic Qatar
21%
Land of wood and water Taíno/Arawak Jamaica
13%
Place of abundance of fish Cueva Panama
13%
By the water Ewe Togo
13%
Mountainous land Taíno/Arawak Haiti
5%
No matching quizzes found
Score Distribution
Percent of People with Each Score
Percentile by Number Answered
Your Score History
You have not taken this quiz